[Event "8th HD Bank Cup 2018"]
[Site "Hanoi VIE"]
[Date "2018.03.15"]
[Round "9.25"]
[White "Pascua, Haridas"]
[Black "Nguyen, Phuoc Tam"]
[Result "1-0"]
[WhiteTitle "IM"]
[WhiteElo "2431"]
[BlackElo "2169"]
[WhiteFideId "5203953"]
[BlackFideId "12402109"]
[EventDate "2018.03.10"]

1. c4 Nf6 2. Nf3 g6 3. b3 Bg7 4. Bb2 O-O 5. g3 d6 6. Bg2 e5 7. O-O Re8 8. d3 c5
9. Ne1 Nc6 10. Nc3 Be6 11. Nd5 Qd7 12. Nc2 Nd4 13. Nxf6+ Bxf6 14. Ne3 Bg7 15.
Nd5 f5 16. e3 Nc6 17. Qd2 Rad8 18. Rae1 1-0

[Event "8th HD Bank Cup 2018"]
[Site "Hanoi VIE"]
[Date "2018.03.15"]
[Round "9.26"]
[White "Lu, Chan Hung"]
[Black "Diu, Viacheslav"]
[Result "1/2-1/2"]
[WhiteTitle "IM"]
[BlackTitle "IM"]
[WhiteElo "2181"]
[BlackElo "2426"]
[WhiteFideId "12402508"]
[BlackFideId "4167465"]
[EventDate "2018.03.10"]

1. c4 e6 2. Nf3 d5 3. b3 Nf6 4. Bb2 Be7 5. g3 O-O 6. Bg2 c5 7. cxd5 exd5 8. d4
Nc6 9. O-O Ne4 10. dxc5 Bxc5 11. Nbd2 Qe7 12. e3 Bg4 13. h3 Bh5 14. a3 a5 15.
Qc2 Bg6 16. Nxe4 Bxe4 17. Qc3 f6 18. Rfc1 Bb6 19. Qd2 Rad8 20. Bd4 Nxd4 21. Nxd4
Rfe8 22. Bf1 Qe5 23. Rc3 h5 24. f4 Qd6 25. Qd1 Bg6 26. Kh2 h4 27. Qg4 hxg3+ 28.
Qxg3 Bxd4 29. exd4 Bf5 30. Rc5 Rc8 31. Rac1 b6 32. Rxc8 Rxc8 33. Rxc8+ Bxc8 34.
a4 Bf5 35. Qe3 Be4 36. Kg3 Qc6 37. Bg2 f5 38. Bxe4 fxe4 39. f5 Kf7 40. Qf4 Qc3+
41. Kg4 Qxd4 42. Qc7+ Kg8 43. Qd8+ 1/2-1/2

[Event "8th HD Bank Cup 2018"]
[Site "Hanoi VIE"]
[Date "2018.03.15"]
[Round "9.27"]
[White "Nguyen, Anh Dung"]
[Black "Anand, Nadar"]
[Result "1/2-1/2"]
[WhiteTitle "GM"]
[BlackTitle "FM"]
[WhiteElo "2491"]
[BlackElo "2262"]
[WhiteFideId "12400025"]
[BlackFideId "25009141"]
[EventDate "2018.03.10"]

1. d4 Nf6 2. c4 g6 3. Nf3 Bg7 4. g3 O-O 5. Bg2 d5 6. cxd5 Nxd5 7. O-O Nc6 8. e4
Nb6 9. d5 Na5 10. Nc3 Re8 11. Be3 Nac4 12. Bd4 e5 13. dxe6 Bxe6 14. Bxg7 Kxg7
15. b3 Qf6 16. Qd4 Qxd4 17. Nxd4 Na3 18. e5 c6 19. Ne4 1/2-1/2

[Event "8th HD Bank Cup 2018"]
[Site "Hanoi VIE"]
[Date "2018.03.15"]
[Round "9.28"]
[White "Laxman, R.R."]
[Black "Dixit, Nikhil"]
[Result "0-1"]
[WhiteTitle "GM"]
[WhiteElo "2457"]
[BlackElo "2251"]
[WhiteFideId "5005361"]
[BlackFideId "5059534"]
[EventDate "2018.03.10"]

1. d4 Nf6 2. Nf3 g6 3. c4 Bg7 4. Nc3 O-O 5. Bg5 c5 6. d5 d6 7. e3 h6 8. Bh4 Qa5
9. Nd2 a6 10. a4 g5 11. Bg3 Bf5 12. Be2 Nbd7 13. O-O Rfe8 14. h4 e5 15. e4 Bg6
16. Re1 Rf8 17. Bf3 Qd8 18. Nf1 Ne8 19. hxg5 Qxg5 20. Qd2 Nef6 21. b3 Bh5 22.
Qxg5 hxg5 23. Bxh5 Nxh5 24. Bh2 Kh7 25. Ne3 Rh8 26. Nf5 Bf8 27. f3 Ng7 28. Ne3
Kg6 29. Bg3 Nf6 30. Kf2 Nfh5 31. Reb1 a5 32. Bh2 Nf4 33. Bg1 Be7 0-1

[Event "8th HD Bank Cup 2018"]
[Site "Hanoi VIE"]
[Date "2018.03.15"]
[Round "9.30"]
[White "Rathnakaran, K."]
[Black "Abelgas, Roel"]
[Result "1-0"]
[WhiteTitle "IM"]
[BlackTitle "FM"]
[WhiteElo "2395"]
[BlackElo "2273"]
[WhiteFideId "5005507"]
[BlackFideId "5200970"]
[EventDate "2018.03.10"]

1. e4 c6 2. Nc3 d5 3. Nf3 Bg4 4. h3 Bxf3 5. Qxf3 e6 6. d3 g6 7. Bd2 Bg7 8. g4
Nd7 9. Qg3 Ne7 10. f4 Qc7 11. Bg2 O-O-O 12. a4 Qb6 13. Ra2 a5 14. Kd1 dxe4 15.
Nxe4 Nc5 16. Ng5 Nxd3 17. Nxf7 Nxb2+ 18. Kc1 Nc4 19. Bc3 Bd4 20. Bxd4 Qxd4 21.
c3 Qb6 22. Qf2 Ne3 23. Qb2 Qc7 24. Nxh8 Qxf4 25. Kb1 Rxh8 26. Qe2 Re8 27. c4 e5
28. Rc1 Rd8 29. Ra3 Nxg2 30. Qxg2 Rd2 31. Qf3 g5 32. Qc3 Qe4+ 33. Rc2 Rd4 34.
Rb3 Kb8 35. Kb2 Rd1 36. Qxa5 1-0

[Event "8th HD Bank Cup 2018"]
[Site "Hanoi VIE"]
[Date "2018.03.15"]
[Round "9.31"]
[White "Nitish, Belurkar"]
[Black "Karavade, Eesha"]
[Result "1-0"]
[WhiteTitle "FM"]
[BlackTitle "IM"]
[WhiteElo "2293"]
[BlackElo "2391"]
[WhiteFideId "5084768"]
[BlackFideId "5012600"]
[EventDate "2018.03.10"]

1. d4 Nf6 2. Nf3 e6 3. Bg5 c5 4. e3 h6 5. Bh4 cxd4 6. exd4 Qb6 7. Nbd2 Qxb2 8.
Rb1 Qc3 9. Bd3 Nc6 10. Rb3 Qa5 11. O-O Be7 12. c4 g5 13. Bg3 g4 14. Rb5 Qd8 15.
Ne5 Nxd4 16. Rb1 h5 17. c5 Bxc5 18. Bh4 Be7 19. Ndc4 Rg8 20. Bxf6 Bxf6 21. Nd6+
Kf8 22. Nexf7 Qa5 23. Qc1 Ke7 24. Qh6 b6 25. Ne4 1-0

[Event "8th HD Bank Cup 2018"]
[Site "Hanoi VIE"]
[Date "2018.03.15"]
[Round "9.32"]
[White "Taher, Yoseph Theolifus"]
[Black "Piasetski, Leon"]
[Result "1-0"]
[WhiteTitle "FM"]
[BlackTitle "IM"]
[WhiteElo "2375"]
[BlackElo "2258"]
[WhiteFideId "7105347"]
[BlackFideId "2600072"]
[EventDate "2018.03.10"]

1. c4 e6 2. Nf3 Nf6 3. Nc3 Bb4 4. g3 O-O 5. Bg2 d5 6. cxd5 exd5 7. d4 Ne4 8. Qb3
c5 9. dxc5 Nc6 10. O-O Bxc3 11. bxc3 Nxc5 12. Qc2 Qf6 13. Ba3 b6 14. Nd4 Bb7 15.
Rad1 1-0

[Event "8th HD Bank Cup 2018"]
[Site "Hanoi VIE"]
[Date "2018.03.15"]
[Round "9.34"]
[White "Nguyen, Thi Thanh An"]
[Black "Xu, Zhihang"]
[Result "1/2-1/2"]
[WhiteTitle "WGM"]
[BlackTitle "FM"]
[WhiteElo "2274"]
[BlackElo "2364"]
[WhiteFideId "12400300"]
[BlackFideId "8611572"]
[EventDate "2018.03.10"]

1. d4 Nf6 2. c4 e6 3. Nc3 Bb4 4. Qc2 O-O 5. a3 Bxc3+ 6. Qxc3 b6 7. Bg5 Bb7 8. e3
h6 9. Bh4 d6 10. Ne2 Nbd7 11. Qc2 g5 12. Bg3 Ne4 13. f3 Nxg3 14. hxg3 Kg7 15. g4
Nf6 16. e4 c5 17. e5 dxe5 18. dxe5 Nd7 19. O-O-O Qc7 20. f4 Rh8 21. Qd2 Rad8 22.
fxg5 Nxe5 23. gxh6+ Kh7 24. Qc2+ Ng6 25. Rh3 Rd4 26. Re1 Rhd8 1/2-1/2

[Event "8th HD Bank Cup 2018"]
[Site "Hanoi VIE"]
[Date "2018.03.15"]
[Round "9.35"]
[White "Nandhidhaa, PV"]
[Black "Gara, Ticia"]
[Result "1-0"]
[WhiteTitle "WIM"]
[BlackTitle "WGM"]
[WhiteElo "2261"]
[BlackElo "2357"]
[WhiteFideId "5050847"]
[BlackFideId "717444"]
[EventDate "2018.03.10"]

1. b3 Nf6 2. Bb2 g6 3. e4 d6 4. g3 Bg7 5. Bg2 c5 6. Ne2 Nc6 7. O-O Bg4 8. Nbc3
O-O 9. h3 Bd7 10. Nd5 e6 11. Ne3 e5 12. f4 Nd4 13. c3 Nxe2+ 14. Qxe2 Nh5 15. Qf3
exf4 16. gxf4 Qh4 17. f5 Rae8 18. Rf2 Qg3 19. d3 Qxf3 20. Rxf3 Bc6 21. Raf1 Bh6
22. Ng4 Bg5 23. c4 Ng7 24. Nf6+ Bxf6 25. Bxf6 Nh5 26. Bc3 g5 27. f6 h6 28. Kh2
Kh7 29. Bd2 Kg6 30. R3f2 Re6 31. Bf3 Nxf6 32. Bc3 Nh7 33. Bg4 Re5 34. Bxe5 dxe5
35. Bf5+ Kg7 36. Bxh7 Kxh7 37. Rxf7+ Rxf7 38. Rxf7+ 1-0

[Event "8th HD Bank Cup 2018"]
[Site "Hanoi VIE"]
[Date "2018.03.15"]
[Round "9.36"]
[White "Moksh, Amit Doshi"]
[Black "Wang, Jue"]
[Result "0-1"]
[BlackTitle "WGM"]
[WhiteElo "2256"]
[BlackElo "2354"]
[WhiteFideId "25064967"]
[BlackFideId "8604070"]
[EventDate "2018.03.10"]

1. d4 Nf6 2. c4 e6 3. Nf3 d5 4. g3 Bb4+ 5. Bd2 Be7 6. Bg2 O-O 7. O-O Nbd7 8. Qc2
c6 9. Bf4 Ne4 10. Nc3 g5 11. Bc1 f5 12. b3 Bf6 13. Bb2 Qe7 14. a4 Qg7 15. e3 h5
16. Nd2 Rf7 17. Ndxe4 fxe4 18. f3 exf3 19. Rxf3 c5 20. Qd3 cxd4 21. exd4 0-1

[Event "8th HD Bank Cup 2018"]
[Site "Hanoi VIE"]
[Date "2018.03.15"]
[Round "9.37"]
[White "Nguyen, Van Hai"]
[Black "Snehal, Bhosale"]
[Result "1-0"]
[WhiteTitle "IM"]
[WhiteElo "2335"]
[BlackElo "2105"]
[WhiteFideId "12400122"]
[BlackFideId "5021995"]
[EventDate "2018.03.10"]

1. e4 e5 2. Nf3 Nc6 3. Bb5 a6 4. Ba4 Nf6 5. O-O b5 6. Bb3 Bc5 7. d3 d6 8. h3 h6
9. a4 Rb8 10. axb5 axb5 11. Be3 O-O 12. Nc3 Re8 13. Nd5 Bd7 14. Qd2 Nxd5 15.
Bxd5 Qf6 16. Bxc6 Bxc6 17. Bxc5 dxc5 18. Ra7 Bb7 19. Rfa1 c4 20. Qc3 cxd3 21.
cxd3 Qd6 22. b4 f5 23. Nd2 Red8 24. Nb3 fxe4 25. Nc5 Bd5 26. dxe4 Bc4 27. Qg3
Rf8 28. R1a6 Qd1+ 29. Kh2 Rf7 30. Qxe5 1-0

[Event "8th HD Bank Cup 2018"]
[Site "Hanoi VIE"]
[Date "2018.03.15"]
[Round "9.39"]
[White "Bach, Ngoc Thuy Duong"]
[Black "Dang, Hoang Son"]
[Result "1/2-1/2"]
[WhiteTitle "WFM"]
[BlackTitle "FM"]
[WhiteElo "2000"]
[BlackElo "2317"]
[WhiteFideId "12408956"]
[BlackFideId "12402435"]
[EventDate "2018.03.10"]

1. d4 g6 2. c4 Bg7 3. Nc3 d6 4. e4 Nf6 5. Nf3 O-O 6. Be2 c5 7. d5 b5 8. cxb5 a6
9. bxa6 Bxa6 10. O-O Nbd7 11. Bxa6 Rxa6 12. h3 Qa8 13. Re1 Nb6 14. Qc2 Rb8 15.
Rb1 Nfd7 16. b3 c4 17. Be3 Ne5 18. Nxe5 Bxe5 19. Red1 Ra3 20. Bd4 Bxd4 21. Rxd4
Qa5 22. Rc1 Qc5 23. Rd2 cxb3 24. axb3 Nd7 25. Ne2 Rbxb3 26. Qxc5 Nxc5 27. Ng3 h5
28. Re2 Kg7 29. Nf1 h4 30. Kh2 Nd3 31. Rd1 Nf4 32. Rc2 f5 33. exf5 gxf5 34. Rc4
Ne2 1/2-1/2

[Event "8th HD Bank Cup 2018"]
[Site "Hanoi VIE"]
[Date "2018.03.15"]
[Round "9.41"]
[White "Le, Huu Thai"]
[Black "Vogt, Lothar"]
[Result "1-0"]
[WhiteTitle "CM"]
[BlackTitle "GM"]
[WhiteElo "2223"]
[BlackElo "2402"]
[WhiteFideId "12402460"]
[BlackFideId "4611292"]
[EventDate "2018.03.10"]

1. d4 Nf6 2. Bf4 g6 3. Nf3 Bg7 4. e3 O-O 5. Be2 d6 6. h3 Nbd7 7. c4 e6 8. Nc3
Qe7 9. O-O e5 10. Bh2 Re8 11. Nb5 e4 12. Nxc7 exf3 13. Bxf3 Rb8 14. Nb5 a6 15.
Nxd6 Rd8 16. c5 Nf8 17. Nxf7 Qxf7 18. Bxb8 Bxh3 19. g4 Rxb8 20. Qb3 Ne6 21. Rac1
Qe8 22. Rc4 Kh8 23. Rb4 Ng5 24. Bg2 b5 25. cxb6 Qd7 26. Qc4 Bf8 27. Qc7 1-0

[Event "8th HD Bank Cup 2018"]
[Site "Hanoi VIE"]
[Date "2018.03.15"]
[Round "9.42"]
[White "Shyaamnikhil, P"]
[Black "Manush, Shah"]
[Result "1-0"]
[WhiteTitle "IM"]
[WhiteElo "2394"]
[BlackElo "2202"]
[WhiteFideId "5024218"]
[BlackFideId "5040680"]
[EventDate "2018.03.10"]

1. e4 c6 2. d4 d5 3. Nd2 dxe4 4. Nxe4 Bf5 5. Qf3 Bxe4 6. Qxe4 Nf6 7. Qd3 e6 8.
Nf3 Bd6 9. Qb3 Qc7 10. g3 O-O 11. Bg2 Nbd7 12. O-O a5 13. a4 Nd5 14. Re1 b6 15.
c3 h6 16. Bd2 Rfe8 17. Rad1 Rac8 18. Bc1 Rcd8 19. Re2 Rc8 20. Rde1 Qb8 21. Nd2
Bc7 22. Qc4 Bd6 23. Qd3 Bc7 24. Bf3 N7f6 25. Nc4 Nd7 26. Qc2 1-0

[Event "8th HD Bank Cup 2018"]
[Site "Hanoi VIE"]
[Date "2018.03.15"]
[Round "9.43"]
[White "Alfred, Nathan S W"]
[Black "Pham, Le Thao Nguyen"]
[Result "1-0"]
[WhiteTitle "FM"]
[BlackTitle "IM"]
[WhiteElo "2208"]
[BlackElo "2354"]
[WhiteFideId "407739"]
[BlackFideId "12401226"]
[EventDate "2018.03.10"]

1. d4 Nf6 2. Nf3 d5 3. c4 c6 4. Nc3 dxc4 5. a4 Bf5 6. e3 e6 7. Bxc4 Bb4 8. O-O
O-O 9. Qe2 Nbd7 10. e4 Bg6 11. e5 Nd5 12. Ne4 Re8 13. Bg5 Qb6 14. a5 Bxa5 15.
Nd6 Reb8 16. Nh4 Bb4 17. Nxg6 hxg6 18. Rfd1 Qc7 19. Ne4 b5 20. Bd3 Qb6 21. Qg4
c5 22. Nd6 c4 23. Bxg6 Bxd6 24. Be4 Nxe5 25. dxe5 Bxe5 26. Qh4 g6 27. Ra3 c3 28.
Rxc3 Rd8 29. Rh3 Bg7 30. Qh7+ Kf8 31. Bh6 Bxh6 32. Qxh6+ Ke7 33. Bxd5 Rxd5 34.
Rxd5 exd5 1-0

[Event "8th HD Bank Cup 2018"]
[Site "Hanoi VIE"]
[Date "2018.03.15"]
[Round "9.44"]
[White "Gu, Xiaobing"]
[Black "Le, Minh Hoang"]
[Result "0-1"]
[WhiteTitle "WGM"]
[BlackTitle "CM"]
[WhiteElo "2354"]
[BlackElo "2184"]
[WhiteFideId "8602611"]
[BlackFideId "12404683"]
[EventDate "2018.03.10"]

1. e4 d5 2. exd5 Qxd5 3. Nc3 Qa5 4. d4 c6 5. Bc4 Bf5 6. Nf3 e6 7. Bd2 Qc7 8. O-O
Nd7 9. Re1 Bd6 10. h3 Ngf6 11. Nh4 Bg6 12. Bg5 Bf4 13. Bxf4 Qxf4 14. Nxg6 hxg6
15. Ne2 Qh4 16. c3 O-O-O 17. Ng3 g5 18. Be2 Nd5 19. Bf3 Nf4 20. b4 f5 21. b5
cxb5 22. Qd2 Nb6 23. Re5 a6 24. Qe1 Kb8 25. Rxe6 Nxe6 26. Qxe6 Ka7 27. Nxf5 Qf4
28. Nxg7 Rd6 29. Qe4 Qxe4 30. Bxe4 Rc8 31. Nf5 Re6 32. f3 Rxc3 0-1

[Event "8th HD Bank Cup 2018"]
[Site "Hanoi VIE"]
[Date "2018.03.15"]
[Round "9.45"]
[White "Divya, Deshmukh"]
[Black "Kunal, M."]
[Result "1-0"]
[WhiteTitle "WFM"]
[WhiteElo "2138"]
[BlackElo "2340"]
[WhiteFideId "35006916"]
[BlackFideId "5018250"]
[EventDate "2018.03.10"]

1. d4 Nf6 2. Bg5 Ne4 3. Bf4 d5 4. e3 c5 5. Bd3 e6 6. Bxe4 dxe4 7. Ne2 cxd4 8.
exd4 Nd7 9. Nbc3 Nf6 10. O-O b6 11. Be5 Bb7 12. Nb5 Nd5 13. c4 a6 14. cxd5 axb5
15. dxe6 f6 16. Bg3 Be7 17. Rc1 O-O 18. Rc7 Bc8 19. Qb3 Kh8 20. Rfc1 Re8 21.
R1c6 Bf8 22. d5 Bc5 23. Bf4 Bxe6 24. Rxe6 Rxe6 25. dxe6 Rxa2 26. Rd7 Ra1+ 27.
Nc1 Qe8 28. Qd1 1-0

[Event "8th HD Bank Cup 2018"]
[Site "Hanoi VIE"]
[Date "2018.03.15"]
[Round "9.46"]
[White "Quizon, Daniel"]
[Black "Gomes, Mary Ann"]
[Result "0-1"]
[BlackTitle "WGM"]
[WhiteElo "2204"]
[BlackElo "2318"]
[WhiteFideId "5217911"]
[BlackFideId "5013623"]
[EventDate "2018.03.10"]

1. e4 c5 2. Nc3 Nc6 3. g3 g6 4. Bg2 Bg7 5. d3 e6 6. Nge2 Nge7 7. Be3 Nd4 8. O-O
O-O 9. Rb1 Nec6 10. a3 a5 11. f4 d6 12. Qd2 Bd7 13. Bf2 Rb8 14. Nxd4 Nxd4 15.
Ne2 Nxe2+ 16. Qxe2 Bc6 17. Rfd1 Qc7 18. c3 Bb5 19. Qd2 e5 20. f5 gxf5 21. exf5
Bc6 22. Be3 Rfe8 23. Re1 Kh8 24. g4 Rg8 25. g5 d5 26. Bxc5 d4 27. cxd4 Bxg2 28.
Qxg2 b6 29. Re4 Bf6 30. Rg4 bxc5 31. Kh1 Bd8 32. d5 Qd6 0-1

[Event "8th HD Bank Cup 2018"]
[Site "Hanoi VIE"]
[Date "2018.03.15"]
[Round "9.48"]
[White "Dimakiling, Oliver"]
[Black "Pham, Xuan Dat"]
[Result "1-0"]
[WhiteTitle "IM"]
[WhiteElo "2441"]
[BlackElo "2118"]
[WhiteFideId "5202248"]
[BlackFideId "12401307"]
[EventDate "2018.03.10"]

1. c4 Nf6 2. Nc3 d5 3. cxd5 Nxd5 4. e4 Nxc3 5. bxc3 g6 6. h4 Bg7 7. h5 c5 8. Bc4
Nc6 9. Nf3 Na5 10. h6 Bf8 11. Qa4+ Bd7 12. Bxf7+ Kxf7 13. Ne5+ Ke8 14. Nxd7 Qxd7
15. Qxa5 Qd3 16. Qxc5 Qxe4+ 17. Kf1 Rd8 18. Qb5+ Rd7 19. Rh3 e6 20. d3 Qf5 21.
Rb1 Bc5 22. Rf3 Qd5 23. d4 Be7 24. Qxd5 exd5 25. Ke2 Rf8 26. Rxf8+ Kxf8 27. Kd3
Kf7 28. Be3 g5 29. c4 dxc4+ 30. Kxc4 Kg6 31. d5 Kxh6 32. Kd4 Kg6 33. Ke5 Bf6+
34. Ke6 Re7+ 35. Kd6 a6 36. Bd4 Rf7 37. Bb6 h5 38. Re1 g4 39. g3 h4 40. gxh4
Bxh4 41. Re6+ Kf5 42. Bd4 g3 43. fxg3 Bxg3+ 44. Be5 Bf2 45. Rh6 Ba7 46. Rh5+ Kg6
47. Rh3 Bb8+ 48. Ke6 Bxe5 49. Kxe5 1-0

[Event "8th HD Bank Cup 2018"]
[Site "Hanoi VIE"]
[Date "2018.03.15"]
[Round "9.49"]
[White "Vo, Thanh Ninh"]
[Black "Doan, Van Duc"]
[Result "1-0"]
[WhiteTitle "IM"]
[WhiteElo "2370"]
[BlackElo "2112"]
[WhiteFideId "12402141"]
[BlackFideId "12400335"]
[EventDate "2018.03.10"]

1. g3 d5 2. Nf3 Nf6 3. Bg2 Bf5 4. O-O e6 5. d3 h6 6. Nbd2 Be7 7. Qe1 O-O 8. e4
Bh7 9. Qe2 Nbd7 10. Re1 c5 11. exd5 Nxd5 12. Nc4 Rc8 13. a4 b6 14. c3 Qc7 15.
Nfd2 Rfe8 16. Ne4 N7f6 17. Nxf6+ Nxf6 18. Bf4 Qd8 19. Ne5 Bd6 20. Nc6 Qd7 21.
Bxd6 Qxd6 22. Nxa7 Bxd3 23. Nxc8 Rxc8 24. Qe5 Qe7 25. a5 bxa5 26. Rxa5 c4 27.
Rb5 Qc7 28. Qxc7 Rxc7 29. Rb7 Rc5 30. Rd1 g5 31. b4 Rc8 32. b5 Ne4 33. Rxd3 cxd3
34. Bxe4 Rd8 35. Bf3 d2 36. Bd1 Rc8 1-0

[Event "8th HD Bank Cup 2018"]
[Site "Hanoi VIE"]
[Date "2018.03.15"]
[Round "9.50"]
[White "Li, Ruofan"]
[Black "Jishitha, D"]
[Result "1-0"]
[WhiteTitle "IM"]
[BlackTitle "WFM"]
[WhiteElo "2351"]
[BlackElo "2099"]
[WhiteFideId "8600643"]
[BlackFideId "35031660"]
[EventDate "2018.03.10"]

1. d4 d5 2. c4 c6 3. cxd5 cxd5 4. Bf4 Bf5 5. Nc3 Nc6 6. e3 e6 7. Qb3 Qd7 8. Nf3
f6 9. a3 Rc8 10. Rc1 a6 11. Qd1 b5 12. Bd3 Bxd3 13. Qxd3 f5 14. O-O Nf6 15. Nxb5
axb5 16. Qxb5 Ne7 17. Rxc8+ Nxc8 18. Qb8 Qd8 19. Rc1 1-0

[Event "8th HD Bank Cup 2018"]
[Site "Hanoi VIE"]
[Date "2018.03.15"]
[Round "9.51"]
[White "Duong, The Anh"]
[Black "Vatsal, Singhania"]
[Result "1-0"]
[WhiteTitle "IM"]
[WhiteElo "2327"]
[BlackElo "2090"]
[WhiteFideId "12401277"]
[BlackFideId "25033972"]
[EventDate "2018.03.10"]

1. d4 d5 2. c4 e6 3. Nc3 Be7 4. cxd5 exd5 5. Bf4 c6 6. e3 Bf5 7. g4 Be6 8. Bd3
Nd7 9. f3 h6 10. Nge2 a6 11. Bg3 Ngf6 12. Nf4 Nf8 13. Na4 N6d7 14. Nh5 Qa5+ 15.
Kf2 g6 16. Ng7+ Kd8 17. a3 Nb6 18. Nc5 Bxc5 19. dxc5 Qxc5 20. Be5 Nbd7 21. Nxe6+
Nxe6 22. Bxh8 f6 23. Bxg6 Ke7 24. Bxf6+ Nxf6 25. Bf5 Rf8 26. Qd2 a5 27. Kg2 Ng7
28. Rac1 Qd6 29. e4 dxe4 30. Qxd6+ Kxd6 31. Rhd1+ Kc7 32. Bxe4 Nxe4 33. fxe4 Ne6
34. Rf1 Rg8 35. Rf6 1-0

[Event "8th HD Bank Cup 2018"]
[Site "Hanoi VIE"]
[Date "2018.03.15"]
[Round "9.53"]
[White "Samant, Aditya S"]
[Black "Luong, Phuong Hanh"]
[Result "1-0"]
[BlackTitle "WIM"]
[WhiteElo "2107"]
[BlackElo "2192"]
[WhiteFideId "35080580"]
[BlackFideId "12401013"]
[EventDate "2018.03.10"]

1. e4 c5 2. Nf3 e6 3. d3 Nc6 4. g3 d5 5. Qe2 Nf6 6. Bg2 Be7 7. O-O O-O 8. e5 Nd7
9. c4 Nb6 10. h3 Qc7 11. Bf4 Qd8 12. h4 Re8 13. Nc3 h6 14. Rad1 Bd7 15. Rfe1 Rc8
16. h5 a6 17. Rc1 Bf8 18. Qd2 Ne7 19. Nd1 Bc6 20. Ne3 dxc4 21. dxc4 Qxd2 22.
Nxd2 Bxg2 23. Kxg2 Nc6 24. Nc2 Red8 25. Rcd1 Nd7 26. Nf3 b5 27. Na3 Rb8 28. Rd2
Be7 29. Red1 Nf8 30. Rxd8 Nxd8 31. Nd2 Nc6 32. Ne4 b4 33. Nc2 Rd8 34. Rxd8 Nxd8
35. Ne1 Nd7 36. Nd3 Nb7 1-0

[Event "8th HD Bank Cup 2018"]
[Site "Hanoi VIE"]
[Date "2018.03.15"]
[Round "9.54"]
[White "Sihite, Chelsie Monica Ignesias"]
[Black "Nguyen, Quoc Hy"]
[Result "1-0"]
[WhiteTitle "WIM"]
[BlackTitle "CM"]
[WhiteElo "2189"]
[BlackElo "2039"]
[WhiteFideId "7101198"]
[BlackFideId "12410853"]
[EventDate "2018.03.10"]

1. e4 c5 2. Nf3 Nc6 3. Bb5 Na5 4. c3 a6 5. Ba4 c4 6. O-O e6 7. Bc2 Nf6 8. e5 Nd5
9. d4 cxd3 10. Bxd3 b5 11. a4 b4 12. c4 Nb6 13. b3 Bb7 14. Be3 Rc8 15. Nbd2 Bc5
16. Bxc5 Rxc5 17. Ne4 Bxe4 18. Bxe4 Qc7 19. Re1 h6 20. Re3 O-O 21. Qe1 Rb8 22.
Nd2 Kh8 23. Bd3 Nc6 24. f4 Nd4 25. Rh3 d5 26. exd6 Qxd6 27. Ne4 Qf8 28. Nxc5
Qxc5 29. Kh1 1-0

[Event "8th HD Bank Cup 2018"]
[Site "Hanoi VIE"]
[Date "2018.03.15"]
[Round "9.56"]
[White "Vasilyev, Mikhail"]
[Black "Vo, Thi Kim Phung"]
[Result "0-1"]
[WhiteTitle "IM"]
[BlackTitle "WGM"]
[WhiteElo "2141"]
[BlackElo "2425"]
[WhiteFideId "14101254"]
[BlackFideId "12401838"]
[EventDate "2018.03.10"]

1. e4 e6 2. d4 d5 3. Nc3 Nf6 4. Bg5 dxe4 5. Nxe4 Nbd7 6. Nxf6+ Nxf6 7. Nf3 h6 8.
Bh4 Be7 9. Bd3 O-O 10. O-O b6 11. Re1 Bb7 12. c3 c5 13. dxc5 Bxc5 14. Qe2 Be7
15. Rad1 Qc7 16. Ne5 Rad8 17. Bg3 Qc8 18. f4 Rd5 19. Kh1 Qa8 20. c4 Rdd8 21. Bh4
Rfe8 22. Bxf6 Bxf6 23. Ng4 Be7 24. h3 Bc5 25. Kh2 Rd4 26. Rf1 a5 27. Ne5 f6 28.
Ng4 Be4 29. Bxe4 Qxe4 30. Qxe4 Rxe4 31. Kg3 Rxc4 32. Rd2 h5 33. Nh2 h4+ 34. Kf3
e5 0-1

[Event "8th HD Bank Cup 2018"]
[Site "Hanoi VIE"]
[Date "2018.03.15"]
[Round "9.57"]
[White "Tran, Le Dan Thuy"]
[Black "Hoang, Thi Bao Tram"]
[Result "1/2-1/2"]
[WhiteTitle "WFM"]
[BlackTitle "WGM"]
[WhiteElo "2036"]
[BlackElo "2410"]
[WhiteFideId "12403407"]
[BlackFideId "12401102"]
[EventDate "2018.03.10"]

1. d4 e6 2. c4 Nf6 3. Nc3 Bb4 4. Bd2 b6 5. Nf3 Bb7 6. e3 O-O 7. Bd3 Bxc3 8. Bxc3
Ne4 9. Rc1 d6 10. O-O f5 11. Nd2 Nxd2 12. Qxd2 Nd7 13. f3 Qe7 14. e4 f4 15. e5
dxe5 16. dxe5 Rad8 17. Qf2 Nc5 1/2-1/2

[Event "8th HD Bank Cup 2018"]
[Site "Hanoi VIE"]
[Date "2018.03.15"]
[Round "9.59"]
[White "Nguyen, Hoai Nam"]
[Black "Pham, Thi Thu Hien"]
[Result "1-0"]
[WhiteElo "2177"]
[BlackElo "2138"]
[WhiteFideId "12415880"]
[BlackFideId "12402575"]
[EventDate "2018.03.10"]

1. d4 Nf6 2. Nf3 e6 3. c4 b6 4. g3 Bb7 5. Bg2 Be7 6. O-O O-O 7. Nc3 Ne4 8. Qc2
Nxc3 9. Qxc3 Be4 10. b4 c5 11. b5 d6 12. Qe3 Bb7 13. a4 Nd7 14. Bb2 Qc7 15. d5
e5 16. Bh3 Bc8 17. Ra3 f5 18. Rfa1 a5 19. bxa6 Bxa6 20. Nd2 g6 21. Qb3 Rab8 22.
e4 f4 23. Nb1 fxg3 24. hxg3 Nf6 25. Qd3 Bc8 26. Bg2 Bg4 27. Nc3 Qc8 28. Qf1 Ne8
29. Nb5 Nc7 30. Na7 Qe8 31. Bc1 Bd7 32. Bh3 Rb7 33. Bxd7 Qxd7 34. Nc6 Na6 35.
Rb1 Nb8 36. Nxe7+ Qxe7 37. Rab3 Na6 38. Bd2 Rfb8 39. Qh3 Nc7 40. Qg4 Qe8 41. a5
b5 42. cxb5 Rxb5 43. Rxb5 Rxb5 44. Rxb5 Nxb5 45. Bh6 1-0

[Event "8th HD Bank Cup 2018"]
[Site "Hanoi VIE"]
[Date "2018.03.15"]
[Round "9.61"]
[White "Thipsay, Bagyashree Sathe"]
[Black "Nguyen, Hoang Nam"]
[Result "0-1"]
[WhiteTitle "WIM"]
[BlackTitle "CM"]
[WhiteElo "2000"]
[BlackElo "2188"]
[WhiteFideId "5001013"]
[BlackFideId "12402133"]
[EventDate "2018.03.10"]

1. e4 b6 2. d4 Bb7 3. Bd3 e6 4. Nf3 d5 5. Nbd2 dxe4 6. Nxe4 Nd7 7. Qe2 Ngf6 8.
O-O Be7 9. Rd1 Qc8 10. Ne5 h6 11. c4 O-O 12. Ng3 Re8 13. Be3 Bf8 14. Rac1 c5 15.
Nxd7 Qxd7 16. Nh5 Nxh5 17. Qxh5 cxd4 18. Bxd4 e5 19. Bc3 Qc6 20. Bf1 Re6 21. Rd5
Rae8 22. Rcd1 Rg6 23. Qh3 Qf6 24. R5d2 Qf4 25. Rd8 Rxd8 26. Rxd8 Bxg2 0-1